000 00741nam a22002537a 4500
003 CHAP
005 20220329135002.0
008 971013s1982 r 00010 d
010 _a29081
011 _a30053
035 _a34165
040 _cCHAP
082 _a581.134
_bM2
100 0 0 _aMcLaren, J. S.
_973663
245 _aChemical manipulation of crop growth and development
260 _aLondon :
_bButterworth,
_c1982
300 _a564 p.
_b; gráfs
590 _aBATCH-UPD
_b10
_c20130110
_lUCH01
_h1640
590 _aCONVERSION
_b10
_c20130109
_lUCH01
_h1317
650 1 4 _aPlantas
_xCrecimiento
_xAditivos.
_988804
901 _aBK
942 _cLIBRO
949 _a581.134 M2
_bBC
_cLIBRO
_d33724000543351
_eLIBRO
_h58651
_i34165
_si
_t7.98
999 _c29081
_d29081